000 00822nam a2200229Ii 4500
003 JO-AjNU
008 230605s9999||||xx |||||||||||||| ||und||
017 _a2010/3/881
020 _a978-9957-07-753-2
040 _aJO-AjNU
_bara
_erda
_cJO-AjNU
041 _aara
050 1 4 _aBF637.C6.C67412.2011
100 3 _aCorey,Gerald ، الخفش، سامح وديع/ترجمة,
_eauthor
_942941
245 0 0 _aالنظرية والتطبيق في الإرشاد والعلاج النفسي
250 _aط1
264 3 1 _aعمان:دار الفكر ناشرون وموزعون ،2011
300 _a644ص
336 _atext
_btxt
_2rdacontent
337 _aunmediated
_bn
_2rdamedia
338 _avolume
_bnc
_2rdacarrier
650 4 _aالارشاد النفسي-الطب النفسي-علم نفس الافراد
_942942
999 _aA18424
_c21992
_d21992